000 00410nam a22001697a 4500
003 MPLRDC
005 20220104143158.0
008 210129b ||||| |||| 00| 0 eng d
082 _a448.86 CGTN
100 _a长冈铁男
245 _a图解扬声器
_c王明渊译
250 _a初版
260 _a
_b正言出版社
_c1979
300 _b
650 _a广播--扬声器
942 _cBK
_o448.86 CGTN
999 _c37392
_d37382